College Quizbowl Stats
College Quizbowl Stats
Circuits
Seasons
Sets
Records
Detailed Stats
About
Loading...
UK
Tossups
Bonuses
Players
Teams
Categories (Tossup)
Categories (Bonus)
Harry Crane
WashU Grolars
Categories
Category
Powers
Gets
Negs
BBs
Points
Earliest Buzz
Avg. Buzz
First Buzzes
Top 3 Buzzes
BPA
PVF
History - American
0
3
1
0
25
80
95.33
1
3
0.00
0.00
History - World
0
1
0
1
10
127
127.00
0
0
0.00
0.00
Religion
0
1
0
0
10
111
111.00
0
0
0.00
0.00
History - Other
0
0
0
0
0
0.00
0
0
0.00
0.00
Buzzes
Category
Answer
Value
Buzz Position
History - American
Richard J. Daley
10
80
History - American
George McGovern
10
85
Religion
Song of Songs
10
111
History - Other
Quiet Revolution
0
121
History - American
First Thanksgiving
10
121
History - American
privacy
-5
126
History - World
ninjas
10
127
Previous
1
Next